| 000 | 00538nam a2200145Ia 4500 | ||
|---|---|---|---|
| 008 | 231129s2015||||xx |||||||||||||| ||spa|| | ||
| 020 | _a978-958-734-163-8 | ||
| 040 | _bspa | ||
| 082 | _a303.6861 A473t | ||
| 100 | _aílvarez Correa G. E. Miguel | ||
| 245 | 0 | _aEl tiempo del ahora: El deber de atender a las víctimas - El Centro de Atención a Víctimas (CAV): ¿dónde estamos? | |
| 260 | _c2015 | ||
| 264 | _aBogotá Colombia : IEMP; Procuraduria General de la Nación | ||
| 942 |
_2ddc _cBKS |
||
| 999 |
_c12553 _d12553 |
||